书目信息 |
| 题名: |
电子技术实验
|
|
| 作者: | 周泽义 主编 | |
| 分册: | ||
| 出版信息: | 武汉 武汉工业大学出版社 2001.8 |
|
| 页数: | 219页 | |
| 开本: | 20cm | |
| 丛书名: | ||
| 单 册: | ||
| 中图分类: | TN01-33 | |
| 科图分类: | ||
| 主题词: | 无线电电子学--理论 , 通信技术--理论 | |
| 电子资源: | ||
| ISBN: | 7-5629-1715-9 | |
| 000 | 00581nam0 2200205 45 | |
| 001 | 8031757208 | |
| 005 | 20050114104015.65 | |
| 010 | @a7-5629-1715-9@dCNY 10.00 | |
| 100 | @a19800224d2001 km y0chiy0120 ea | |
| 101 | 0 | @achi |
| 102 | @aCN@b420000 | |
| 200 | 1 | @a电子技术实验@Adian zi ji shu shi yan@f周泽义主编@Fzhou ze yi zhu bian |
| 210 | @a武汉@c武汉工业大学出版社@d2001.8 | |
| 215 | @a219页@d20cm | |
| 606 | 0 | @a无线电电子学@x理论 |
| 606 | 0 | @a通信技术@x理论 |
| 690 | @aTN01-33@v3 | |
| 701 | 0 | @a周泽义@Azhou ze yi@4主编 |
| 801 | 0 | @aCN@bPFT@c20050114 |
| 905 | @dTN01-33@eZ810 | |
| 电子技术实验/周泽义主编.-武汉:武汉工业大学出版社,2001.8 |
| 219页;20cm |
| ISBN 7-5629-1715-9:CNY 10.00 |
| ● |
| 相关链接 |
|
|
|
正题名:电子技术实验
索取号:TN01-33/Z810
 
预约/预借
| 序号 | 登录号 | 条形码 | 馆藏地/架位号 | 状态 | 备注 |
| 1 | 362263 | 203622632 | 自科库301/301自科库 24排2列2层/ [索取号:TN01-33/Z810] | 在馆 | |
| 2 | 437526 | 204375265 | 自科库301/301自科库 17排3列3层/ [索取号:TN01-33/Z810] | 在馆 | |
| 3 | 437527 | 204375274 | 自科库301/301自科库 24排2列2层/ [索取号:TN01-33/Z810] | 在馆 | |
| 4 | 437528 | 204375283 | 自科库301/301自科库 17排3列3层/ [索取号:TN01-33/Z810] | 在馆 |